| 000 | 00547nam a2200193Ia 4500 | ||
|---|---|---|---|
| 005 | 20260415160335.0 | ||
| 008 | 008 250505s9999 xx 000 0 eng d | ||
| 020 | _a0-85685-268-6 | ||
| 037 | _aTextual | ||
| 040 |
_aFEDL _beng _cFEDL |
||
| 041 |
_aeng _2eng |
||
| 084 |
_a712 SUD _qFEDL |
||
| 100 |
_aSudell Richard Ed. _9755762 |
||
| 245 | 0 | _aNew illustrated gardening encyclopaedia | |
| 260 |
_aLondon, UK _bOdhams Press Limited |
||
| 300 | _avi,768p. | ||
| 942 |
_cTEXL _h712 SUD |
||
| 999 |
_c1321863 _d1321863 |
||